| 000 | 00488nam a2200181Ia 4500 | ||
|---|---|---|---|
| 008 | 230125s9999 xx 000 0 und d | ||
| 041 | _aeng | ||
| 082 |
_a658 _bBAT |
||
| 100 |
_aBatra J L _9114125 |
||
| 245 | _aAssociation of Indian management schools : 14 annual report | ||
| 250 | _a1st Ed. | ||
| 260 |
_c2002 _bAIMS International _aNoida,UP |
||
| 300 | _a180p | ||
| 500 | _aSurvey report;Management | ||
| 650 | _aManagement | ||
| 700 |
_aBatra J L _9114125 |
||
| 999 |
_c91423 _d91423 |
||